000 00786nam a22002417a 4500
001 BR5900160
003 BR-BrBNA
005 20230928083007.0
007 ta
008 230509b bl.||||| |||| 00| 0 por d
040 _aBR-BrBNA
_bpor
_cBiblioteca Nacional de Agricultura
041 _a(Por)
072 _aE70
_b9910
090 _ 9910 BR5900160
100 1 _aZanello, O.
245 1 _aSuperproducao: conceito superado de politica cafeeira
_bDiscurso pronunciado na Tribuna da Camara dos Deputados
260 3 _aRio de Janeiro, GB (Brasil):
_bDepartamento de Imprensa Nacional,
_c1959.
300 _a10 p.
500 _a(*) Documento disponível no(a) Instituto Brasileiro do Cafe, Rio de Janeiro, RJ
650 _aCAFE
909 _a202309
_bLucia
_c55
_dLucia Elande
942 _cBK
999 _c11004
_d11004